| 000 | 00572nam a22001457a 4500 | ||
|---|---|---|---|
| 020 | _a0-7496-2033-1 | ||
| 082 |
_a823 _bELD/G |
||
| 100 | _aELDIN, PETER | ||
| 245 | _aGRUESOME GRUB | ||
| 260 |
_aUK _bWATT BOOKS _c1995 |
||
| 300 | _a92 | ||
| 520 | _aHere's a terrific collection of revolting recipes for the budding grossologist, including sweet and savory dishes, hot and cold food, and drinks. Kids can enjoy trying out their cookery skills and throw a gruesome party to gorge themselves on gorgeous but disgusting-sounding treats. | ||
| 650 | _aSHORT STORY | ||
| 942 | _cBK | ||
| 999 |
_c6197 _d6197 |
||